[Event "Collado Villalba op 40th"]
[Site "Collado Villalba"]
[Date "2023.08.25"]
[Round "4"]
[White "Criado Herrero, Luis"]
[Black "Urbina Otero, Sebastian"]
[Result "0-1"]
[WhiteElo "1417"]
[BlackElo "1747"]
[PlyCount "64"]
[EventDate "2023.08.22"]
[EventType "swiss"]
[EventRounds "9"]
[EventCountry "ESP"]
[SourceTitle "EXT 2024"]
[Source "ChessBase"]
[SourceDate "2023.10.10"]
[SourceVersion "1"]
[SourceVersionDate "2023.10.10"]
[SourceQuality "1"]

1. e4 c5 2. Nf3 Nc6 3. d3 g6 4. Nc3 Bg7 5. Bd2 d6 6. Rb1 Nf6 7. g3 0-0 8. Bg2 Bd7 9. 0-0 Rc8 10. a3 a5 11. Ne2 Qc7 12. c3 Bg4 13. h3 Bxf3 14. Bxf3 Ne5 15. Nf4 Qd7 16. Bg2 b5 17. Be3 Rc7 18. Qe2 Rfc8 19. Bd2 e6 20. d4 cxd4 21. cxd4 Nc4 22. Bc1 b4 23. Rd1 Qb5 24. a4 Qb6 25. b3 Na3 26. Qa2 e5 27. dxe5 Rc2 28. Qxa3 Qxf2+ 29. Kh2 Nxe4 30. Rd5 Bxe5 31. Ra1 Bxf4 32. gxf4 Qxf4+ 0-1

[Event "Collado Villalba op 40th"]
[Site "Collado Villalba"]
[Date "2023.08.23"]
[Round "2"]
[White "Calvo Perez, Alvaro"]
[Black "Criado Herrero, Luis"]
[Result "0-1"]
[WhiteElo "1010"]
[BlackElo "1417"]
[PlyCount "152"]
[EventDate "2023.08.22"]
[EventType "swiss"]
[EventRounds "9"]
[EventCountry "ESP"]
[SourceTitle "EXT 2024"]
[Source "ChessBase"]
[SourceDate "2023.10.10"]
[SourceVersion "1"]
[SourceVersionDate "2023.10.10"]
[SourceQuality "1"]

1. e4 c5 2. Nf3 Nc6 3. c3 d6 4. d4 cxd4 5. cxd4 Nf6 6. Nc3 a6 7. Bf4 e6 8. a4 Be7 9. Bc4 Na5 10. Bd3 0-0 11. 0-0 Qb6 12. Qe2 Nb3 13. Rad1 Bd7 14. e5 Nd5 15. Qe4 f5 16. Nxd5 exd5 17. Qxd5+ Kh8 18. Bc2 Na5 19. exd6 Bc6 20. Qc5 Qxc5 21. dxc5 Bf6 22. Be5 Bxf3 23. Bxf6 Bxd1 24. Be7 Bxc2 25. Bxf8 Rxf8 26. Ra1 Nc6 27. a5 Rd8 28. Rc1 Ba4 29. Ra1 Bb5 30. h3 Kg8 31. Ra3 Kf7 32. Rf3 g6 33. g4 Nd4 34. Re3 Re8 35. gxf5 Rxe3 36. fxg6+ hxg6 37. fxe3 Nb3 38. Kf2 Nxc5 39. Kf3 Bc6+ 40. Ke2 Ne4 41. b3 Nxd6 42. Kd3 Kf6 43. Ke2 Kf5 44. Kf2 g5 45. Ke2 Ne4 46. Ke1 Bb5 47. b4 Nc3 48. Kf2 Nd5 49. Kf3 Nxb4 50. e4+ Kg6 51. Kg4 Nc6 52. h4 gxh4 53. Kxh4 Nxa5 54. Kg4 Bd7+ 55. Kf3 Nc6 56. Ke2 b5 57. Kd3 Kf6 58. Ke3 Ke5 59. Kd3 a5 60. Kc3 a4 61. Kb2 Kxe4 62. Ka3 Kd4 63. Kb2 b4 64. Kc2 a3 65. Kb3 Be6+ 66. Kc2 b3+ 67. Kb1 b2 68. Kc2 Nb4+ 69. Kd2 b1R 70. Ke2 a2 71. Kf3 a1R 72. Kf4 Bg4 73. Kg5 Rf1 74. Kh4 Ra8 75. Kg3 Rg8 76. Kh4 Bd7 0-1

[Event "Collado Villalba op 39th"]
[Site "Collado Villalba"]
[Date "2022.08.24"]
[Round "5"]
[White "Perez Pascual, Arturo"]
[Black "Criado Herrero, Luis"]
[Result "1-0"]
[WhiteElo "1696"]
[BlackElo "1416"]
[PlyCount "61"]
[EventDate "2022.08.20"]
[EventType "swiss"]
[EventRounds "9"]
[EventCountry "ESP"]
[SourceTitle "EXT 2023"]
[Source "ChessBase"]
[SourceDate "2022.10.05"]
[SourceVersion "1"]
[SourceVersionDate "2022.10.05"]
[SourceQuality "1"]

1. e4 c5 2. Nf3 d6 3. d4 cxd4 4. Nxd4 Nf6 5. Nc3 a6 6. Bg5 e6 7. f4 Be7 8. Qf3 Qc7 9. 0-0-0 0-0 10. g4 Nc6 11. Bg2 e5 12. Nxc6 bxc6 13. Bxf6 Bxf6 14. g5 Be7 15. h4 exf4 16. Qxf4 f5 17. Rhg1 Rb8 18. exf5 Bxf5 19. Qc4+ Kh8 20. Nd5 Qb7 21. Nxe7 Qxb2+ 22. Kd2 d5 23. Qc3 Bxc2 24. Qxb2 Rxb2 25. Kc3 Rxa2 26. Ra1 Rxa1 27. Rxa1 Be4 28. Bxe4 dxe4 29. Rxa6 e3 30. Rxc6 g6 31. Rc8 1-0

[Event "Collado Villalba op 39th"]
[Site "Collado Villalba"]
[Date "2022.08.20"]
[Round "1"]
[White "Criado Herrero, Luis"]
[Black "Garcia Castineira, Ivan"]
[Result "1-0"]
[WhiteElo "1416"]
[BlackElo "1669"]
[PlyCount "57"]
[EventDate "2022.08.20"]
[EventType "swiss"]
[EventRounds "9"]
[EventCountry "ESP"]
[SourceTitle "EXT 2023"]
[Source "ChessBase"]
[SourceDate "2022.10.05"]
[SourceVersion "1"]
[SourceVersionDate "2022.10.05"]
[SourceQuality "1"]

1. e4 c5 2. Nf3 d6 3. Bb5+ Bd7 4. Bxd7+ Qxd7 5. d4 cxd4 6. Nxd4 e5 7. Nf3 Nf6 8. Qd3 Nc6 9. a3 Qg4 10. Nbd2 Qxg2 11. Rg1 Qh3 12. Nf1 0-0-0 13. Bg5 Qe6 14. N1d2 d5 15. Bxf6 dxe4 16. Qxe4 gxf6 17. 0-0-0 Bh6 18. Kb1 Bf4 19. h4 f5 20. Qe2 h6 21. Nb3 Qe7 22. Qc4 Kb8 23. h5 Rc8 24. Qa4 f6 25. Nh4 Qc7 26. Nxf5 Ne7 27. Nxe7 Qxe7 28. Rd7 Rc4 29. Qb5 1-0

[Event "Collado Villalba op 38th"]
[Site "Collado Villalba"]
[Date "2021.08.24"]
[Round "4"]
[White "Rodriguez Hernandez, Antonio"]
[Black "Criado Herrero, Luis"]
[Result "1/2-1/2"]
[WhiteElo "1676"]
[BlackElo "1417"]
[PlyCount "40"]
[EventDate "2021.08.21"]
[EventType "swiss"]
[EventRounds "9"]
[EventCountry "ESP"]
[SourceTitle "CBM 204 Extra"]
[Source "ChessBase"]
[SourceDate "2021.11.30"]
[SourceVersion "1"]
[SourceVersionDate "2021.11.30"]
[SourceQuality "1"]

1. e4 c5 2. c3 d6 3. d4 cxd4 4. cxd4 Nc6 5. Nf3 Bg4 6. Be2 e6 7. 0-0 a6 8. Nc3 Be7 9. Be3 Nf6 10. Qb3 b5 11. h3 Bh5 12. Rfd1 Na5 13. Qc2 Rc8 14. Qb1 Nc4 15. e5 Nd7 16. Bf4 d5 17. Nd2 Bg6 18. Qc1 Ncb6 19. a3 0-0 20. Rf1 f6 1/2-1/2

[Event "Collado Villalba op 38th"]
[Site "Collado Villalba"]
[Date "2021.08.23"]
[Round "3"]
[White "Criado Herrero, Luis"]
[Black "Xia, Yan"]
[Result "1-0"]
[WhiteElo "1417"]
[BlackElo "1153"]
[PlyCount "75"]
[EventDate "2021.08.21"]
[EventType "swiss"]
[EventRounds "9"]
[EventCountry "ESP"]
[SourceTitle "CBM 204 Extra"]
[Source "ChessBase"]
[SourceDate "2021.11.30"]
[SourceVersion "1"]
[SourceVersionDate "2021.11.30"]
[SourceQuality "1"]

1. e4 e5 2. Nf3 Nc6 3. Bb5 Bc5 4. c3 Nf6 5. d3 d6 6. Bg5 h6 7. Bh4 g5 8. Bg3 Bg4 9. Nbd2 a6 10. Ba4 Qd7 11. d4 exd4 12. cxd4 Bxd4 13. Qc2 b5 14. Bb3 Nb4 15. Qb1 Bxb2 16. 0-0 Bxa1 17. Qxa1 Qe7 18. Qc3 c5 19. e5 dxe5 20. Nxe5 0-0 21. Ng6 Qd8 22. Nxf8 Kxf8 23. Qxc5+ Qe7 24. Bd6 Qxd6 25. Qxd6+ Kg8 26. Qxf6 Rf8 27. Qxh6 Be6 28. Qxg5+ Kh8 29. Qh4+ Kg8 30. Qxb4 Bxb3 31. Nxb3 Re8 32. Nc5 Ra8 33. Qg4+ Kh8 34. Nd7 Re8 35. Qh5+ Kg7 36. Qg5+ Kh8 37. Qh6+ Kg8 38. Nf6# 1-0

[Event "Colmenarejo Autumn op 25th"]
[Site "Colmenarejo"]
[Date "2018.09.23"]
[Round "2"]
[White "Criado Herrero, Luis"]
[Black "Vizcay Gonzalez, Jose Maria"]
[Result "0-1"]
[WhiteElo "1488"]
[BlackElo "1316"]
[PlyCount "58"]
[EventDate "2018.09.16"]
[EventType "swiss"]
[EventRounds "7"]
[EventCountry "ESP"]
[SourceTitle "CBM 187 Extra"]
[Source "ChessBase"]
[SourceDate "2018.11.04"]
[SourceVersion "1"]
[SourceVersionDate "2018.11.04"]
[SourceQuality "1"]

1. e4 Nf6 2. Nc3 d5 3. d3 d4 4. Nce2 e5 5. Nf3 Nc6 6. c3 Bg4 7. Ng3 g6 8. Bg5 Be7 9. Be2 Qd6 10. 0-0 h5 11. h3 Be6 12. Nh4 Nd7 13. Qd2 0-0-0 14. Bxe7 Qxe7 15. Nf3 h4 16. Nh1 Nc5 17. c4 f6 18. Nh2 f5 19. exf5 gxf5 20. f4 e4 21. dxe4 Nxe4 22. Qc2 Qg7 23. Bd3 Nb4 24. Qe2 Rhg8 25. Bxe4 fxe4 26. Ng4 Bf5 27. Qf2 Bxg4 28. hxg4 Qxg4 29. Kh2 Nd3 0-1

[Event "Collado Villalba op-B 35th"]
[Site "Collado Villalba"]
[Date "2018.08.25"]
[Round "2"]
[White "Criado Herrero, Luis"]
[Black "Rapaport, Andres Natalio"]
[Result "0-1"]
[WhiteElo "1488"]
[BlackElo "1277"]
[PlyCount "72"]
[EventDate "2018.08.24"]
[EventType "swiss"]
[EventRounds "9"]
[EventCountry "ESP"]
[SourceTitle "CBM 186 Extra"]
[Source "ChessBase"]
[SourceDate "2018.08.24"]
[SourceVersion "1"]
[SourceVersionDate "2018.08.24"]
[SourceQuality "1"]

1. e4 e5 2. Nf3 Nc6 3. Bb5 Nf6 4. d3 Bc5 5. Be3 Bxe3 6. fxe3 Qe7 7. Nc3 0-0 8. Qe2 Qb4 9. 0-0-0 a6 10. a3 Qe7 11. Bxc6 dxc6 12. h3 b5 13. d4 exd4 14. exd4 b4 15. axb4 Qxb4 16. Ne5 Bb7 17. Rd3 a5 18. Rhd1 a4 19. Na2 Qd6 20. Nc4 Qe7 21. Re3 Ba6 22. Qd3 Rfd8 23. Rde1 c5 24. d5 c6 25. Qc3 Bxc4 26. Qxc4 Qe5 27. c3 Qg5 28. Kb1 a3 29. b3 Qxg2 30. R3e2 Qxh3 31. Qxc5 Qd3+ 32. Kc1 cxd5 33. Nb4 Qf3 34. exd5 Rac8 35. Qa5 Qxc3+ 36. Nc2 Qxa5 0-1

[Event "Colmenarejo Spring op 24th"]
[Site "Colmenarejo"]
[Date "2018.05.13"]
[Round "1"]
[White "Criado Herrero, Luis"]
[Black "Perez de Villar Munoz, Eusebio"]
[Result "0-1"]
[WhiteElo "1503"]
[BlackElo "1967"]
[PlyCount "81"]
[EventDate "2018.05.13"]
[EventType "swiss"]
[EventRounds "7"]
[EventCountry "ESP"]
[SourceTitle "EXT 2019"]
[Source "ChessBase"]
[SourceDate "2018.10.10"]
[SourceVersion "1"]
[SourceVersionDate "2018.10.10"]
[SourceQuality "1"]

1. e4 e5 2. Nf3 Nf6 3. d3 Nc6 4. Bg5 h6 5. Bh4 Be7 6. Be2 d5 7. Bxf6 Bxf6 8. exd5 Qxd5 9. Nc3 Qe6 10. Ne4 Be7 11. c3 0-0 12. 0-0 b6 13. Qc2 Bb7 14. h3 f5 15. Ng3 Bd6 16. Qb3 Qxb3 17. axb3 a5 18. Nh2 Ne7 19. Bf3 Bxf3 20. Nxf3 Ng6 21. Ne2 Rae8 22. Ra4 c5 23. Nh4 Ne7 24. Nf3 Nd5 25. Nd2 Bc7 26. g3 f4 27. Kg2 b5 28. Raa1 Nf6 29. g4 Rd8 30. Nc1 e4 31. Nxe4 Nxe4 32. dxe4 f3+ 33. Kg1 Rd2 34. b4 cxb4 35. cxb4 axb4 36. Ra7 Bf4 37. Rb7 Re8 38. Re1 Rxe4 39. Kf1 Rxe1+ 40. Kxe1 Rxb2 41. Rc7 0-1

[Event "Collado Villalba op-B 34th"]
[Site "Collado Villalba"]
[Date "2017.08.23"]
[Round "2"]
[White "Criado Herrero, Luis"]
[Black "Diaz Lopez, Victor"]
[Result "0-1"]
[WhiteElo "1526"]
[BlackElo "1800"]
[PlyCount "80"]
[EventDate "2017.08.22"]
[EventType "swiss"]
[EventRounds "9"]
[EventCountry "ESP"]
[SourceTitle "CBM 180 Extra"]
[Source "ChessBase"]
[SourceDate "2017.10.06"]
[SourceVersion "1"]
[SourceVersionDate "2017.10.06"]
[SourceQuality "1"]

1. e4 d5 2. exd5 Qxd5 3. Nc3 Qa5 4. d4 c6 5. Bd2 Bf5 6. Nf3 Nf6 7. Ne4 Qd8 8. Nxf6+ exf6 9. Be3 Bd6 10. Nh4 Be6 11. Bd3 g5 12. Nf5 Bxf5 13. Bxf5 Qa5+ 14. c3 Qxf5 15. 0-0 Nd7 16. Qb3 Qb5 17. Qc2 0-0-0 18. c4 Qa5 19. c5 Bf4 20. Bxf4 gxf4 21. Qe4 Rde8 22. Qxf4 Qc7 23. Qf5 Re2 24. b4 Qd8 25. a4 Qe7 26. b5 Qe4 27. Qh3 Re8 28. b6 axb6 29. cxb6 Qxd4 30. g3 Qc3 31. a5 Re1 32. Rd1 Rxd1 33. Rxd1 Re1+ 34. Rxe1 Qxe1+ 35. Kg2 Qe4+ 36. Kg1 Kd8 37. Qf1 Ne5 38. Qd1+ Ke7 39. Qc1 Nf3+ 40. Kg2 Ng5+ 0-1

[Event "Collado Villalba op-B 32nd"]
[Site "Collado Villalba"]
[Date "2015.08.25"]
[Round "4"]
[White "Criado Herrero, Luis"]
[Black "Martinez Martinez, Manuel II"]
[Result "0-1"]
[WhiteElo "1501"]
[BlackElo "1678"]
[PlyCount "50"]
[EventDate "2015.08.22"]
[EventType "swiss"]
[EventRounds "9"]
[EventCountry "ESP"]
[SourceTitle "EXT 2016"]
[Source "ChessBase"]
[SourceDate "2015.10.08"]
[SourceVersion "1"]
[SourceVersionDate "2015.10.08"]
[SourceQuality "1"]

1. e4 e6 2. Nf3 d5 3. exd5 exd5 4. d4 Nf6 5. Bd3 Be7 6. Nc3 c6 7. 0-0 0-0 8. Ne2 h6 9. c3 Bg4 10. Ne5 Bxe2 11. Qxe2 Nbd7 12. f4 Re8 13. Qc2 c5 14. Be3 cxd4 15. Bxd4 Bc5 16. Rae1 Qb6 17. Bxc5 Qxc5+ 18. Kh1 Qd6 19. Nxd7 Nxd7 20. Qf2 b6 21. b4 Nf6 22. Qd4 Re7 23. Rxe7 Qxe7 24. Qe5 Re8 25. Re1 Qd8 0-1

[Event "Villalba op 3rd"]
[Site "Villalba"]
[Date "2015.08.16"]
[Round "9"]
[White "Vaquerizo Martin, Miguel Angel"]
[Black "Criado Herrero, Luis"]
[Result "0-1"]
[WhiteElo "1752"]
[BlackElo "1501"]
[PlyCount "84"]
[EventDate "2015.08.09"]
[EventType "swiss"]
[EventRounds "9"]
[EventCountry "ESP"]
[SourceTitle "EXT 2024"]
[Source "ChessBase"]
[SourceDate "2023.10.10"]
[SourceVersion "1"]
[SourceVersionDate "2023.10.10"]
[SourceQuality "1"]

1. e4 c5 2. Nf3 d6 3. Bb5+ Nd7 4. Bxd7+ Bxd7 5. 0-0 Nf6 6. Re1 e6 7. c3 Be7 8. d4 cxd4 9. cxd4 0-0 10. Nc3 Rc8 11. Bg5 a6 12. a4 Re8 13. a5 Qc7 14. Qb3 h6 15. Bh4 Nh7 16. Bg3 Ng5 17. Nxg5 Bxg5 18. e5 d5 19. f4 Be7 20. Na4 Bb5 21. Nb6 Qc2 22. Qe3 Rc6 23. Qc1 Bb4 24. Qxc2 Rxc2 25. Rec1 Rxc1+ 26. Rxc1 Bxa5 27. Nc8 Bc4 28. Nd6 Rb8 29. Nxc4 dxc4 30. Rxc4 b5 31. Rc6 Bb6 32. Bf2 a5 33. Rd6 a4 34. Be1 Kf8 35. Bb4 Ke8 36. Kf2 Ba7 37. Ke3 Rb6 38. Kd3 Rxd6 39. Bxd6 Kd7 40. Ke4 Bb6 41. Bb4 g6 42. h4 h5 0-1

[Event "Villalba op 3rd"]
[Site "Villalba"]
[Date "2015.08.15"]
[Round "8"]
[White "Criado Herrero, Luis"]
[Black "Fernandez De Los Muros, Angel"]
[Result "1-0"]
[WhiteElo "1501"]
[BlackElo "1492"]
[PlyCount "21"]
[EventDate "2015.08.09"]
[EventType "swiss"]
[EventRounds "9"]
[EventCountry "ESP"]
[SourceTitle "EXT 2024"]
[Source "ChessBase"]
[SourceDate "2023.10.10"]
[SourceVersion "1"]
[SourceVersionDate "2023.10.10"]
[SourceQuality "1"]

1. e4 c5 2. Nf3 d6 3. c3 e5 4. Bc4 Be6 5. Bxe6 fxe6 6. 0-0 Nd7 7. Qb3 d5 8. exd5 exd5 9. Qxd5 Rb8 10. Nxe5 Ngf6 11. Qf7# 1-0

[Event "Villalba op 3rd"]
[Site "Villalba"]
[Date "2015.08.13"]
[Round "5"]
[White "Enriquez Pastor, Jorge"]
[Black "Criado Herrero, Luis"]
[Result "0-1"]
[WhiteElo "1437"]
[BlackElo "1501"]
[PlyCount "85"]
[EventDate "2015.08.09"]
[EventType "swiss"]
[EventRounds "9"]
[EventCountry "ESP"]
[SourceTitle "EXT 2024"]
[Source "ChessBase"]
[SourceDate "2023.10.10"]
[SourceVersion "1"]
[SourceVersionDate "2023.10.10"]
[SourceQuality "1"]

1. e4 c5 2. c3 d6 3. d4 cxd4 4. cxd4 Nf6 5. Nc3 e6 6. Nf3 Be7 7. Bd3 0-0 8. 0-0 a6 9. Qc2 g6 10. h3 Nc6 11. a3 b5 12. Qd2 e5 13. d5 Na5 14. Qd1 Bd7 15. b4 Rc8 16. Ne2 Nc4 17. Bxc4 Rxc4 18. Nd2 Rc7 19. Ng3 Qc8 20. Nf3 Kh8 21. Bh6 Rg8 22. Ng5 Be8 23. Rc1 Nd7 24. Rxc7 Qxc7 25. Qc1 Qd8 26. Qe3 Bxg5 27. Bxg5 f6 28. Bh6 Nb6 29. Qc1 Nc4 30. Be3 Bd7 31. Re1 Qe8 32. Nf1 f5 33. Nd2 Nxe3 34. Rxe3 f4 35. Rc3 Qb8 36. Nb3 Rc8 37. Rxc8+ Bxc8 38. Na5 g5 39. Nc6 Qc7 40. f3 a5 41. Kf2 Kg7 42. Ke2 g4 43. hxg4 0-1